| 000 | 00748nam a2200277Ia 4500 | ||
|---|---|---|---|
| 001 | Para_9001 | ||
| 003 | CHAP | ||
| 008 | 220125s2000 xx 000 0 und d | ||
| 010 | _a207779 | ||
| 040 | _cCHAP | ||
| 082 | _aPA 646.7 D63 | ||
| 100 |
_aJohnson, Spencer _9174273 |
||
| 245 |
_a¿Quién se ha llevado mi queso? / _c por Spencer Johnson |
||
| 260 |
_aBarcelona, España : _b Ediciones Urano |
||
| 300 | _a106 p. | ||
| 500 | _aReimpresión 2012 | ||
| 650 |
_aMotivación (psicología) _979090 |
||
| 650 |
_aSuperación personal _9143097 |
||
| 901 | _aPA 646.7 D63 | ||
| 902 | _aM | ||
| 905 | _a0000002000 a 0000000000 00 | ||
| 910 | _a2000 | ||
| 942 | _cPARA | ||
| 942 |
_cPARA _d1 |
||
| 999 |
_c207779 _d207779 |
||